Music Quiz

Random Music or Clickable Quiz

Clikipedia: Rock Bands Quiz Stats

Quiz Updated Apr 18, 2013

Challenge
Share
Tweet
Embed
Score 0/36 Timer 07:00
0 Plays Today
% Correct
Kiss
86.2%
ABBA
85.5%
Bee Gees
79.6%
The Beach Boys
77.8%
Nirvana
77.4%
The Monkees
72.8%
The Black Crowes
72.3%
Blondie
71.4%
Radiohead
68.8%
R.E.M.
64.4%
Run-D.M.C.
63.3%
Men at Work
61.1%
The Go-Go's
58.7%
Aerosmith
58.4%
Ramones
56.2%
The Temptations
56%
The Kinks
53.7%
Talking Heads
53%
% Correct
Grateful Dead
51.7%
Green Day
50.4%
Beastie Boys
49.6%
Slayer
48.5%
The Runaways
48.4%
Blur
47.3%
The Velvet Underground
47.2%
The Who
46.9%
The Black Keys
44.3%
The Stooges
43.6%
The Cure
43.3%
Dead Kennedys
38.8%
The White Stripes
37.1%
? and the Mysterians
31.9%
The Flaming Lips
25.1%
The Replacements
21.1%
Cheap Trick
20.8%
The Cramps
20.3%

You're not logged in!

Compare scores with friends on all Sporcle quizzes.
Join for Free
OR
Log In

You Might Also Like...

Show Comments

Extras

Top Quizzes Today


Score Distribution

Your Account Isn't Verified!

In order to create a playlist on Sporcle, you need to verify the email address you used during registration. Go to your Sporcle Settings to finish the process.

Report this User

Report this user for behavior that violates our Community Guidelines.

Details: